000 00468nam a2200157Ia 4500
999 _c22182
_d22182
003 OSt
005 20200519095208.0
008 190216s9999||||xx |||||||||||||| ||und||
040 _coclc
082 _a297
_bFID/C
100 _aFida, Abbas Abdullah
_92406
245 4 _aThe Comprehensive Islamic Book /
_cAbbas Abdullah Fida
260 _bAl Haramein Trade Centre,
_c1986.
_aMecca:
300 _a148p
942 _cBK
_2ddc
_h297
_iFID/C
_k297
_mFID/C